| 000 | 00364cam a22001097a 4500 | ||
|---|---|---|---|
| 008 | 180718b xxu||||| |||| 00| 0 eng d | ||
| 082 | _aB71103x5422 M264b | ||
| 100 | _aMadhya Bharat | ||
| 245 | _aMadhya Bharat panchayat act, 1956 | ||
| 260 |
_aGwalior _bThe author _c |
||
| 440 | _aLibrary has Act No. 16 of 1955 (fourth amendment) and Act no. 30 of 1956 (sixth amendment) | ||
| 999 |
_c488569 _d488569 |
||